| 000 | 01911cam a22004331i 4500 | ||
|---|---|---|---|
| 003 | SA-RiAUC | ||
| 005 | 20240917071147.0 | ||
| 008 | 240916s2007____su g b 000 0 ara c | ||
| 020 | _a9789960543529 | ||
| 040 |
_aSA-RiKSU _bara _cSA-RiAUC _erda |
||
| 041 | 1 |
_aara _heng |
|
| 050 | 4 | _b.B53 2007 | |
| 050 | 1 | 4 | _b. B5312 2007 |
| 082 | 0 | 4 |
_a252.5 _qSA-RiAUC _bب ي ا |
| 090 |
_a252.5 _bب ي ا |
||
| 100 | 1 |
_aبيانكي، روبرت، _d1945- _eمؤلف. |
|
| 240 | 1 | 0 |
_aGuests of God : pilgrimage and politics in the Islamic world. _lArabic |
| 245 | 1 | 0 |
_aضيوف الرحمن : _bالحج والسياسة في العالم الإسلامي / _cتأليف روبرت بيانكي ؛ نقله إلى العربية سعيد محمد الأسعد. |
| 250 | _aالطبعة الأولى. | ||
| 264 | 1 |
_aالرياض : _bشركة مكتبة العبيكان للأبحاث والتطوير، _c2007 |
|
| 300 |
_a456 صفحة ؛ _c24 سم |
||
| 336 |
_aنص _btxt _2rdacontent _3كتاب |
||
| 337 |
_aبدون وسيط _bn _2rdamedia |
||
| 338 |
_aمجلد _bnc _2rdacarrier |
||
| 500 | _aغلاف مصور. | ||
| 500 | _aيشتمل على ملحق. | ||
| 504 | _aببليوجرافية : صفحة 415-455. | ||
| 504 | _aيشتمل على إرجاعات ببليوجرافية. | ||
| 590 | _aحميد. | ||
| 650 | 7 |
_aالحج _xجوانب اجتماعية _2aucsh |
|
| 650 | 7 |
_aالحج _xجوانب سياسية _2aucsh |
|
| 650 | 7 |
_aالإسلام والسياسة _2aucsh |
|
| 650 | 7 |
_aالإسلام _xجوانب سياسية _2aucsh |
|
| 651 | 7 |
_aالبلاد الإسلامية _xسياسة وحكومة _2aucsh |
|
| 700 | 1 |
_aالأسعد، سعيد محمد _eمعرب. |
|
| 700 | 1 | 2 |
_iترجمة لـ : _aبيانكي، روبرت، _d1945-. _tGuests of God : pilgrimage and politics in the Islamic world |
| 942 |
_2ddc _cBOOK |
||
| 949 |
_aSA-JeALM _d240916 _umohamedma123 _n1 |
||
| 999 |
_c355 _d355 |
||